El trompeta del archiduque (Record no. 173003)

MARC details
000 -LEADER
campo de control de longitud fija 00807nam a2200193 i 4500
001 - NÚMERO DE CONTROL
campo de control 173003
003 - IDENTIFICADOR DE NÚMERO DE CONTROL
campo de control ES-MaACL
005 - FECHA Y HORA DE LA ÚLTIMA TRANSACCIÓN
campo de control 20251123063309.0
008 - DATOS DE LONGITUD FIJA--INFORMACIÓN GENERAL
campo de control de longitud fija 091005s1854 sp |||| | spa d
080 ## - NÚMERO DE LA CLASIFICACIÓN DECIMAL UNIVERSAL
Número de la Clasificación Decimal Universal 78.089.1
100 ## - ENTRADA PRINCIPAL--NOMBRE DE PERSONA
Nombre de persona Carreras y González, Mariano
9 (RLIN) 227072
245 13 - MENCIÓN DEL TÍTULO
Título El trompeta del archiduque
Resto del título : zarzuela en un acto /
Mención de responsabilidad, etc. arreglada al teatro español por Mariano Carreras y González ; música de Javier Gaztambide.
260 ## - PUBLICACIÓN, DISTRIBUCIÓN, ETC.
Lugar de publicación, distribución, etc. Madrid :
Nombre del editor, distribuidor, etc. [s.n.],
Fecha de publicación, distribución, etc. 1854 (
Fabricante Imp. de José Rodríguez)
300 ## - DESCRIPCIÓN FÍSICA
Extensión 32 p. ;
Dimensiones 18 cm.
500 ## - NOTA GENERAL
Nota general Solo la letra.
700 1# - ENTRADA AGREGADA--NOMBRE PERSONAL
Nombre de persona Gaztambide, Javier.
9 (RLIN) 127271
852 ## - LOCALIZACIÓN
Ubicación ES-MaACL
Número de control de estantería F-8602(8)
condición física .- Falto de la cub. original
Nota libre .- Enc. en un vol. facticio formando parte de la col. facticia "Teatro español moderno" vol. 55
Holdings
Estatus retirado Estado de pérdida Estado de daño No para préstamo Colección Biblioteca de origen Biblioteca actual Ubicación en estantería Fecha de adquisición Fuente de adquisición Total de préstamos Signatura topográfica completa Código de barras Visto por última vez Precio de reemplazo Tipo de ítem Koha
        Libros del s. XIX Biblioteca del Ateneo de Madrid Biblioteca del Ateneo de Madrid Sala Pecera Planta 2 05/10/2009     F-8602(8) 1181532 23/02/2023 23/02/2023 Libro impreso antiguo